01645 2200241 4500001002100000005001500021035002000036008004100056020001500097041000800112082000800120084001400128100001800142245006700160260003600227300003800263500002600301520099100327650001501318700001801333990002601351990002601377INLIS00000000000496220221111045857 a0010-0520004962221111 | | eng  a0072880562 aeng a512 a512 MIL a0 aMiller, Julie1 aAlgebra For College Students /cJulie Miller and Molly O'Neill aNew York :bMc Graw Hill,c2004 axxii, 1016p. :b:illus. ;c26 cm. aIndeks : p. 1007-1016 aTo succeed in mathematics, as in any subject, you must be willing to devote some of your time and attention to complete the homework assignments and prepare for exams. You must set aside time for yourself on a regular basis to put any classroom notes to use and work through homework exercise. As you study your notes and work on homework, you may find that some concepts are easier to understand than others. For this reason, you may need to have a concept explained more than once or in different ways. In addition to the explanations you may receive in the vlassroom or from tutors, this textbook and its accompanying products will provide you with additional explanations, worked examples, and exercise sets to help you master concepts and practice what you learn. If you use the resoures available to you, with a little self-dicipline and patience you should find that you achieve a passing grade in the course and build the groundwork necessary for further studies in mathematics. 4aMatematika0 aMolly O'Neill a11741/MKRI-P/III-2009 a11741/MKRI-P/III-2009